| 000 | 00987nam a2200205 4500 | ||
|---|---|---|---|
| 001 | 78212 | ||
| 003 | BD-RjUL | ||
| 005 | 20211209083114.0 | ||
| 008 | 210812s19991420qu ||||| |||| 00| 0 ara d | ||
| 035 | _a(BD-RjUL)78438 | ||
| 040 |
_aBD-RjUL _beng _cBD-RjUL |
||
| 041 | _aara | ||
| 082 |
_223 _a720 _bTUA 1999 |
||
| 100 |
_aAl-Tutili, Issa bin Musa bin Ahmed,A.H.); Al-Naming, Muhammad (327-346 ;; التطيلي، عيسى بن موسى بن أحمد، (327-346 هـ.); النمينج، محمد _9247017 |
||
| 245 |
_a القضاء بالمرفق في المباني ونفي الضرر ;; Alqada' bialmirfaq fi almabani wanafy aldar / _cعيسى بن موسى بن أحمد التطيلي ; النيمنج، محمدI ;; Essa bin Musa bin Ahmed Al-Tatili; Alniming, Muhammad |
||
| 260 |
_aلرباط :. _b المنظمة الإسلامية للتربية والعلوم والثقافة، _c1999 1420 |
||
| 300 |
_a253 p. ; _c26 cm |
||
| 650 |
_aBuilding _9247018 |
||
| 942 |
_2ddc _cBK |
||
| 999 |
_c78212 _d78212 |
||